Инвестиции: учебник

Podrobná bibliografie
Hlavní autor: Лукасевич И. Я. Игорь Ярославович
Shrnutí:Книга представляет собой базовый учебник по дисциплине "Инвестиции" и содержит систематизированное изложение ее теоретических концепций, используемых методов и моделей, а также различных аспектов их практического применения в процессе принятия управленческих решений о вложениях капитала в различные виды активов. Представленный в ней материал соответствует государственному образовательному стандарту по данной дисциплине и прошел апробацию в процессе преподавания автором этого курса в ведущих российских вузах, а также в государственных и коммерческих организациях, таких как Пенсионный фонд РФ, РАО ЕС, ГК МиГ, "Телмос", "Уралкалий" и др. Детально и в то же время на доступном уровне рассматриваются методы анализа и планирования инвестиций, модели оценки инвестиционных рисков, источники финансирования капитальных вложений, проблемы применения современных информационных технологий в инвестиционном менеджменте. При этом основное внимание уделяется обоснованию долгосрочных инвестиционных решений, которые оказывают непосредственное влияние на реализацию генеральной стратегии предприятия и определяют его экономическое благополучие в будущем. Большое количество примеров, взятых из практики отечественных и зарубежных компаний, способствует глубокому усвоению материала и приобретению прикладных навыков в области управления финансами.
Jazyk:ruština
Vydáno: Москва, Вузовский учебник, 2024
Edice:Вузовский учебник
Témata:
Médium: MixedMaterials Kniha
KOHA link:https://koha.lib.tpu.ru/cgi-bin/koha/opac-detail.pl?biblionumber=379188

MARC

LEADER 00000nam0a2200000 4500
001 379188
005 20231121133344.0
010 |a 978-5-9558-0129-2 
010 |a 978-5-16-003847-6 
035 |a (RuTPU)RU\TPU\retro\36650 
035 |a RU\TPU\book\218923 
090 |a 379188 
100 |a 20230710d2024 m y0rusy50 ca 
101 0 |a rus 
102 |a RU 
105 |a y j 001zy 
200 1 |a Инвестиции  |e учебник  |f И. Я. Лукасевич 
210 |a Москва  |c Вузовский учебник  |c Инфра-М  |d 2024 
215 |a 413 с. 
225 1 |a Вузовский учебник 
320 |a Библиогр.: с. 402-406 
330 |a Книга представляет собой базовый учебник по дисциплине "Инвестиции" и содержит систематизированное изложение ее теоретических концепций, используемых методов и моделей, а также различных аспектов их практического применения в процессе принятия управленческих решений о вложениях капитала в различные виды активов. Представленный в ней материал соответствует государственному образовательному стандарту по данной дисциплине и прошел апробацию в процессе преподавания автором этого курса в ведущих российских вузах, а также в государственных и коммерческих организациях, таких как Пенсионный фонд РФ, РАО ЕС, ГК МиГ, "Телмос", "Уралкалий" и др. Детально и в то же время на доступном уровне рассматриваются методы анализа и планирования инвестиций, модели оценки инвестиционных рисков, источники финансирования капитальных вложений, проблемы применения современных информационных технологий в инвестиционном менеджменте. При этом основное внимание уделяется обоснованию долгосрочных инвестиционных решений, которые оказывают непосредственное влияние на реализацию генеральной стратегии предприятия и определяют его экономическое благополучие в будущем. Большое количество примеров, взятых из практики отечественных и зарубежных компаний, способствует глубокому усвоению материала и приобретению прикладных навыков в области управления финансами. 
606 1 |a Инвестиции  |2 stltpush  |3 (RuTPU)RU\TPU\subj\36163  |9 57637 
610 1 |a инвестиционная деятельность 
610 1 |a инвестиционная политика 
610 1 |a инвестиционная среда 
610 1 |a государственное регулирование 
610 1 |a иностранные инвестиции 
610 1 |a финансовые активы 
610 1 |a финансовые инвестиции 
610 1 |a фиксированный доход 
610 1 |a акции 
610 1 |a доходность 
610 1 |a мультипликаторы 
610 1 |a портфельное инвестирование 
610 1 |a портфель ценных бумаг 
610 1 |a финансовые риски 
610 1 |a реальные инвестиции 
610 1 |a инвестиционные проекты 
610 1 |a инвестиционные решения 
610 1 |a оценка 
610 1 |a инвестиционный анализ 
610 1 |a капиталовложения 
610 1 |a дисконтирование 
610 1 |a денежные потоки 
610 1 |a инфляция 
610 1 |a инвестиционные риски 
610 1 |a управление 
610 1 |a опционы 
610 1 |a финансирование 
610 1 |a бюджетное финансирование 
610 1 |a займы 
610 1 |a банковское кредитование 
610 1 |a фондовые операции 
610 1 |a финансовая аренда 
610 1 |a лизинг 
610 1 |a проектное финансирование 
610 1 |a венчурное финансирование 
610 1 |a торговое финансирование 
610 1 |a пакеты прикладных программ 
610 1 |a учебники 
686 |a У9(2)0-56я73  |2 rubbk 
700 1 |a Лукасевич  |b И. Я.  |g Игорь Ярославович 
801 1 |a RU  |b 63413507  |c 20110915 
801 2 |a RU  |b 63413507  |c 20230711  |g RCR 
942 |c BK